| 000 | 01018nam a22003257a 4500 | ||
|---|---|---|---|
| 003 | CHAP | ||
| 005 | 20220329140806.0 | ||
| 008 | 971013s1951 r 00010 d | ||
| 010 | _a57682 | ||
| 011 | _a58654 | ||
| 035 | _a62809 | ||
| 040 | _cCHAP | ||
| 082 |
_a631.52 _bS83 |
||
| 100 | 0 | 0 |
_aStaten, Hiw. _9109508 |
| 245 |
_aFarm crops _b: judging identification and grading |
||
| 260 |
_aNew York : _bBlakiston, _c1951 |
||
| 300 |
_a251 p. _b: ilus. |
||
| 590 |
_aBATCH-UPD _b10 _c20130110 _lUCH01 _h0522 |
||
| 590 |
_aBATCH-UPD _b10 _c20130410 _lUCH01 _h0201 |
||
| 590 |
_aBATCH-UPD _b10 _c20130914 _lUCH01 _h1120 |
||
| 590 |
_aCONVERSION _b10 _c20130109 _lUCH01 _h1331 |
||
| 650 | 1 | 4 |
_aCultivos _xNormas de calidad. _930301 |
| 650 | 1 | 4 |
_aFitopatología. _941161 |
| 650 | 1 | 4 |
_aMalas hierbas. _969996 |
| 700 | 0 |
_aJones, Melvin D. _962054 |
|
| 901 | _aBK | ||
| 942 | _cLIBRO | ||
| 949 |
_a631.52 S83 _bBC _cLIBRO _d-134601 _eLIBRO _h21656 _i62809 _si |
||
| 949 |
_a631.52 S83 _bBC _cLIBRO _d-134602 _eLIBRO _fc.2 _h51729 _i62809 _si |
||
| 999 |
_c57682 _d57682 |
||